Las Escrituras del Nuevo Pacto (Record no. 26538)
[ view plain ]
| 000 -LEADER | |
|---|---|
| campo de control de longitud fija | 00662ntaaa2200181 4500 |
| 003 - IDENTIFICADOR DE NÚMERO DE CONTROL | |
| campo de control | 01 |
| 005 - FECHA Y HORA DE LA ÚLTIMA TRANSACCIÓN | |
| campo de control | 20251027203117.0 |
| 008 - DATOS DE LONGITUD FIJA--INFORMACIÓN GENERAL | |
| campo de control de longitud fija | 0714s1973 ag 01 |
| 040 ## - FUENTE DE CATALOGACIÓN | |
| Centro catalogador/agencia de origen | AR-BaBN |
| Lengua de catalogación | spa |
| Centro/agencia transcriptor | AR-BaBN |
| Normas de descripción | aacr |
| Centro/agencia modificador | RIC |
| 082 ## - NÚMERO DE LA CLASIFICACIÓN DECIMAL DEWEY | |
| Número de clasificación | 225.5610 N82e |
| 100 ## - ENTRADA PRINCIPAL--NOMBRE DE PERSONA | |
| Nombre de persona | Biblia. Nuevo Testamento. Castellano. Norton. 1916 |
| 9 (RLIN) | 32619 |
| 245 ## - MENCIÓN DEL TÍTULO | |
| Título | Las Escrituras del Nuevo Pacto |
| 250 ## - MENCION DE EDICION | |
| Mención de edición | 1 ed. |
| 260 ## - PUBLICACIÓN, DISTRIBUCIÓN, ETC. | |
| Lugar de publicación, distribución, etc. | León, México : |
| Nombre del editor, distribuidor, etc. | Casa Bautista de Publicaciones, |
| Fecha de publicación, distribución, etc. | 1916 |
| 300 ## - DESCRIPCIÓN FÍSICA | |
| Extensión | 561 p ; |
| Dimensiones | 19,5 cm |
| 500 ## - NOTA GENERAL | |
| Nota general | Tiene un prefacio firmado por G.N. cuyo nombre sería Guilllermo Norton de Edinburgo, Escocia, en ag. de 1857. |
| 650 ## - PUNTO DE ACCESO ADICIONAL DE MATERIA--TÉRMINO DE MATERIA | |
| Término de materia o nombre geográfico como elemento de entrada | Biblia. Nuevo Testamento. Español. Norton. 1916 |
| 9 (RLIN) | 32620 |
No items available.
